| 000 | 00479 a2200181 4500 | ||
|---|---|---|---|
| 020 | _a0130883174 | ||
| 040 | _aDLC | ||
| 082 | _a621.382 | ||
| 100 | 1 | _aVacca, John R. | |
| 245 | 1 | 4 |
_aThe cabling handbook _cJohn Vacca. |
| 250 | _a2nd ed. | ||
| 260 |
_aUpper Saddle River, NJ : _bPrentice Hall, _c2000. |
||
| 300 |
_a1310 p. : _bill. |
||
| 650 | 0 | _aTelecommunication wiring | |
| 650 | 0 | _aTelecommunication cables | |
| 650 | 0 | _aComputer networks | |
| 942 |
_cBK _k621.382 VAC _2ddc |
||
| 999 |
_c8243 _d8243 |
||